Normal view
MARC view
- Calculus -- Problems, exercises, etc
Entry Topical Term
001 - CONTROL NUMBER
- control field: 960
003 - CONTROL NUMBER IDENTIFIER
- control field: JO-AjAnu
005 - DATE AND TIME OF LATEST TRANSACTION
- control field: 20230606070448.0
008 - FIXED-LENGTH DATA ELEMENTS
- fixed length control field: 230606|| aca||aabn | a|a d
040 ## - CATALOGING SOURCE
- Original cataloging agency: JO-AjAnu
- Transcribing agency: JO-AjAnu
150 ## - HEADING--TOPICAL TERM
- Topical term or geographic name entry element: Calculus -- Problems, exercises, etc
670 ## - SOURCE DATA FOUND
- Source citation: Work cat.: (JO-AjAnu)505: wrede,Robert/Spiegel,Murray, author 959, Schaum's outline advanced calculus